| 000 | 01761nam a2200277 i 4500 | ||
|---|---|---|---|
| 001 | 154029 | ||
| 003 | ES-MaACL | ||
| 005 | 20250823013558.0 | ||
| 008 | 931025s1774 sp |||| | spa d | ||
| 080 | _a821.134.2 | ||
| 100 | 1 |
_aFeijoo, Benito Jerónimo, _d1676-1764 _949105 |
|
| 245 | 1 | 0 |
_aCartas eruditas y curiosas, en que, por la mayor parte, se continúa el designio del Theatro critico universal : _bimpugnando, o reduciendo a dudosas, varias opiniones comunes / _cescritas por... Fr. Benito Geronymo Feyjoó y Montenegro... del Orden de San Benito... ; tomo quarto. |
| 250 | _aNueva impresion. | ||
| 260 |
_aMadrid : _bpor Pedro Marin ... : _ba costa de la Real Compañia de Impresores y Libreros, _c1774. |
||
| 300 |
_aXL, 394 p. ; _c4º. |
||
| 530 | _aDisponible en formato digital la obra completa: 5 v. | ||
| 595 | _aExisten al menos dos ed. con el mismo pie de imp. Pueden diferenciarse: tip A, "tomo quarto" está enmarcado por dos rayas, en p. 3 la 1ª linea termina "y los" y en p. 32 consta "carta segunda". Tipo B, "tomo quarto" está sin enmarcar, en p. 3 la 1ª linea termina "y los que" y en p. 32 consta "carta II" | ||
| 596 | _aMarca tip. en port. de la Real Compañia de Impresores y Libreros. | ||
| 597 | _aSign.: a-b8, c4, A-Z8, 2A8, 2B5. | ||
| 600 | 1 | 7 |
_aFeijoo, Benito Jerónimo, _d1676-1764. _tTeatro crítico universal- _vCrítica e interpretación _2 _9127028 |
| 700 | 1 |
_aMarín, Pedro, _dfl. 1763?-1790 _9174390 |
|
| 710 | 2 |
_aReal Compañía de Impresores y Libreros del Reino. _9134788 |
|
| 852 | 4 |
_aES-MaACL _jR-847-61 _z- Enc. piel no original de la época _x Olim: G-1530-44 |
|
| 856 | 4 |
_uhttp://bdh-rd.bne.es/viewer.vm?id=0000014950&page=1 _zBiblioteca Digital Hispánica |
|
| 999 |
_c154029 _d154029 |
||